000 00278nam a2200109Ia 4500
008 201223s9999 xx 000 0 und d
100 _aPrakash, Om
245 0 _a(The) Dutch factories in India 1617-1623
260 _aNew Delhi
_bMunshiram Manoharlal
300 _a312
942 _cBK
999 _c8522
_d8522